ARRUPE JESUIT UNIVERSITY

CORONAVIRUS -STOP THE SPREAD - CLEAN,DISINFECT,COVER

"These vessels..." (Record no. 125338)

MARC details
000 -LEADER
fixed length control field 00486nam a22001577a 4500
005 - DATE AND TIME OF LATEST TRANSACTION
control field 20160926124741.0
008 - FIXED-LENGTH DATA ELEMENTS--GENERAL INFORMATION
fixed length control field 160926b xxu||||| |||| 00| 0 eng d
050 ## - LIBRARY OF CONGRESS CALL NUMBER
Classification number BV3625.R532C641
100 ## - MAIN ENTRY--PERSONAL NAME
Personal name Clinton, Iris
9 (RLIN) 13143
245 ## - TITLE STATEMENT
Title "These vessels..."
Statement of responsibility, etc by Clinton, Iris
260 ## - PUBLICATION, DISTRIBUTION, ETC. (IMPRINT)
Place of publication, distribution, etc Bulawayo
Name of publisher, distributor, etc Stuart Manning
Date of publication, distribution, etc 1959
300 ## - PHYSICAL DESCRIPTION
Extent xi, 96p.;
Dimensions 19cm.
610 ## - SUBJECT ADDED ENTRY--CORPORATE NAME
Corporate name or jurisdiction name as entry element Church of England
General subdivision Missions
9 (RLIN) 9191
650 ## - SUBJECT ADDED ENTRY--TOPICAL TERM
Topical term or geographic name as entry element Missions
Geographic subdivision Inyati, Southern Rhodesia
9 (RLIN) 26160
942 ## - ADDED ENTRY ELEMENTS (KOHA)
Source of classification or shelving scheme Library of Congress Classification
Item type Monograph ( Printed materials)
Holdings
Withdrawn status Lost status Source of classification or shelving scheme Damaged status Not for loan Collection code Home library Current library Shelving location Date acquired Total Checkouts Full call number Barcode Date last seen Price effective from Koha item type
    Library of Congress Classification     Main Collection ARRUPE LIBRARY ARRUPE LIBRARY Main Collection 26/09/2016   BV3625.R532C641 46500010080 24/01/2017 26/09/2016 Monograph ( Printed materials)

 

Arrupe Library. PO Box MP320 Mt Pleasant, Harare, Zimbabwe
263 242 745411|librarian@aju.ac.zw